| 000 | 00773nas a2200253 i 4500 | ||
|---|---|---|---|
| 001 | 2264 | ||
| 003 | ES-MaACL | ||
| 005 | 20250803062530.0 | ||
| 007 | t| | ||
| 008 | 950801c1864 xxk | | 1 ||ng d | ||
| 022 | _a0081-4601 | ||
| 080 | _a410 | ||
| 245 | 0 | 4 |
_aThe Statesman's year-book _b: statistical and historial annual of the civilized world / _cedited by John Scott Keltie. |
| 260 |
_aLondon : _bMacmillan and Cº, _c1864- ( _fSpottiswoode and Company) |
||
| 300 |
_a40 v. ; _c19 cm. |
||
| 310 | _aAnual | ||
| 362 | 0 | _aAño I (1864) | |
| 650 | 1 | 7 |
_aHistoria _2embne _9179933 |
| 700 | 1 |
_aEspstein, M. _947953 |
|
| 700 | 1 |
_aKeltie, J. Scott. _9128443 |
|
| 852 |
_aES-MaACL _jHem-1057 |
||
| 866 | 0 | _o1892-95,1897-1918,1920-25,1931-35. | |
| 999 |
_c2264 _d2264 |
||